| 000 | 00684nam a2200205Ia 4500 | ||
|---|---|---|---|
| 001 | 1128 | ||
| 003 | GE_BSU | ||
| 008 | 181216s||||||||xx |||||||||||||| ||und|| | ||
| 040 | _cGE_BSU | ||
| 080 | _a630.453(075.8) | ||
| 100 | _aცინცაძე, ნოდარ | ||
| 245 | _aსატყეო ენტომოლოგია | ||
| 245 | _bსახელმძღვანელო აგრარული უნ–ტის სტუდენტებისათვის | ||
| 260 | _aთბილისი | ||
| 260 | _c2003 | ||
| 300 | _a251 გვ. 19 სმ. | ||
| 541 | _h10 ლ. | ||
| 653 | _aსატყეო ენტომოლოგია | ||
| 942 | _cBK | ||
| 999 |
_c35279 _d35279 |
||